[Event "EICC 2021"]
[Site "Reykjavik"]
[Date "2021.08.27"]
[Round "2.32"]
[White "Gabuzyan, Hovhannes"]
[Black "Vogel, Roven"]
[Result "1-0"]
[WhiteElo "2587"]
[BlackElo "2441"]
[Annotator "TA"]
[PlyCount "55"]
[EventDate "2021.08.26"]
[EventType "swiss"]
[EventCountry "ISL"]
[Tiebreak "Cut1 Buchholz"]
[SourceTitle "playchess.com"]
[Source "ChessBase"]
[SourceQuality "1"]

{[%evp 13,55,35,22,20,7,6,6,6,12,2,14,5,29,31,12,24,27,22,29,21,20,22,105,103,
99,103,133,136,129,118,203,203,197,200,185,184,257,253,344,351,325,311,443,439]
} 1. c4 e6 2. d4 d5 3. Nc3 Nf6 4. Nf3 Be7 5. Bf4 O-O 6. e3 c5 7. dxc5 Bxc5 8.
Rc1 {D37: Queen's Gambit Declined: 5 Bf4.} Nc6 9. cxd5 exd5 10. Be2 {The
position is equal.} d4 11. exd4 Nxd4 12. Nxd4 Qxd4 13. Qxd4 Bxd4 14. Nb5 {[#]}
Nd5 $146 ({Predecessor:} 14... Bb6 15. O-O Be6 {1/2-1/2 (15) Bryzgalin,K (2470)
-Neverov,V (2492) Pardubice 2013}) 15. Bd6 $1 {[%cal Rd6f8]} Rd8 16. Rd1 $36 {
[%mdl 2048] Black is under pressure.} a6 17. Rxd4 axb5 (17... Be6 $11 {keeps
the balance.}) 18. Rxd5 $16 {[#] aiming for Rd2.} Ra6 19. Bxb5 Raxd6 20. Rxd6
Rxd6 {[%mdl 4096] Endgame KRB-KRB} 21. Ke2 Bd7 (21... Rd5 $16 {was worth a try.
}) 22. Bxd7 $18 Rxd7 {[#] KR-KR} 23. Rd1 $1 {[%cal Rd1d7]} Re7+ 24. Kd3 g5 (
24... Kf8 $142 25. Rd2 Rc7) 25. Rd2 f5 26. Kc4 Kf7 27. a4 h5 (27... Rc7+ $142
28. Kb5 Ke6) 28. b4 {Weighted Error Value: White=0.00/Black=0.34} 1-0

[Event "EICC 2021"]
[Site "Reykjavik"]
[Date "2021.08.27"]
[Round "2.33"]
[White "Thorfinnsson, Bragi"]
[Black "Thybo, Jesper Sondergaard"]
[Result "0-1"]
[WhiteElo "2439"]
[BlackElo "2587"]
[Annotator "TA"]
[PlyCount "52"]
[EventDate "2021.08.26"]
[EventType "swiss"]
[EventCountry "ISL"]
[Tiebreak "Cut1 Buchholz"]
[SourceTitle "playchess.com"]
[Source "ChessBase"]
[SourceQuality "1"]

{[%evp 13,52,0,12,4,0,-57,-73,-242,-252,-227,-227,-318,-316,-325,-322,-369,
-367,-361,-362,-488,-467,-481,-484,-506,-452,-436,-450,-451,-444,-430,-442,
-500,-500,-485,-467,-472,-406,-661,-641,-618,-605]} 1. Nf3 c5 2. c4 Nc6 {
[%cal Bb8c6,Bc6e5,Be5g4][%mdl 32]} 3. Nc3 Nf6 4. d4 cxd4 5. Nxd4 e6 6. g3 Qb6
7. Ndb5 {is recently more successful than 7.Nb3.} Ne5 8. Bf4 {A33: Symmetrical
English: 2 Nf3 Nf6 3 d4 cxd4 4 Nxd4 e6 5 Nc3 Nc6.} Nfg4 {[#] ( -> ...Nf3+!)} 9.
Ne4 (9. e3 $11 Qc6 10. h3 (10. Bxe5 Nxe5 11. e4 Bc5 $11)) 9... d5 $15 {[#]} 10.
h3 $146 ({Predecessor:} 10. Bh3 Bb4+ 11. Bd2 Bxd2+ 12. Qxd2 dxe4 13. Bxg4 Nxg4
14. Nd6+ Kf8 15. Nxe4 f5 16. c5 {1-0 (45) Thoeny,H (2037)-Neuschmied,S (2237)
Jenbach 2013}) 10... dxe4 $40 {[%mdl 128] Black goes for the king.} 11. hxg4
Bb4+ 12. Nc3 (12. Bd2 $142 Bc5 13. Be3) 12... Nxg4 $19 13. e3 e5 14. Bg5 f6 15.
Be2 h5 (15... fxg5 16. Bxg4 Bxc3+ 17. bxc3 $15) 16. c5 Bxc3+ 17. bxc3 Qxc5 18.
Rc1 {and the idea Bxg4 leaves White hopeful.} Kf7 ({Not} 18... fxg5 19. Bxg4 g6
20. Bxc8 $17) 19. Qb3+ Be6 20. Qxb7+ Qe7 21. Qxe4 {intending f3.} fxg5 22. f3
Nf6 23. Qxe5 g4 24. O-O Bd5 25. f4 (25. Qxe7+ $142 Kxe7 26. e4) 25... Rhe8 26.
c4 Bc6 {Black took control after the opening.  Weighted Error Value: White=0.
53/Black=0.08} 0-1

[Event "EICC 2021"]
[Site "Reykjavik"]
[Date "2021.08.27"]
[Round "2.34"]
[White "Ivic, Velimir"]
[Black "Juksta, Karolis"]
[Result "1-0"]
[WhiteElo "2571"]
[BlackElo "2438"]
[Annotator "TA"]
[PlyCount "157"]
[EventDate "2021.08.26"]
[EventType "swiss"]
[EventCountry "ISL"]
[Tiebreak "Cut1 Buchholz"]
[SourceTitle "playchess.com"]
[Source "ChessBase"]
[SourceQuality "1"]

{[%evp 13,157,0,17,9,28,27,36,29,30,23,29,21,53,47,60,58,58,64,60,64,61,61,62,
62,67,58,67,54,47,59,54,58,65,55,95,87,119,106,113,104,124,112,131,131,133,131,
131,131,129,129,118,49,49,27,60,52,84,19,23,0,30,0,0,0,142,31,49,49,49,56,56,
49,49,49,49,49,49,49,84,95,106,96,81,84,133,125,125,125,134,31,31,0,0,0,45,31,
43,40,67,23,33,31,31,25,31,31,31,22,31,31,46,31,134,31,31,31,91,91,94,66,99,93,
101,93,100,20,31,0,0,0,0,0,26,20,20,0,45,0,4,5,45,45,192,147,29981,29982]} 1.
e4 e6 2. d4 d5 3. Nc3 Nf6 4. e5 Nfd7 5. f4 c5 6. Nf3 Nc6 7. Be3 Be7 8. a3 {
C11: French: Classical System: 4 e5 and 4 Bg5 dxe4.} O-O 9. dxc5 Bxc5 10. Bxc5
{White is slightly better.} Nxc5 11. b4 Nd7 12. Bd3 {With the idea Bxh7+!} f6 {
[%cal Rf6e5]} 13. O-O $1 fxe5 {[#] White must now prevent ...e4.} 14. Bxh7+
Kxh7 15. Ng5+ {[%mdl 64] Double Attack} Kg8 {aiming for ...Qe7.} 16. Nxe6 {
[%mdl 64] Double Attack} Qb6+ 17. Kh1 Ne7 18. Nxf8 Nxf8 19. Nxd5 Nxd5 20. Qxd5+
{[%mdl 64] [#] Double Attack} Be6 $146 ({Predecessor:} 20... Qe6 21. Qd8 e4 22.
f5 Qf7 23. Qd4 Bd7 24. Qxe4 Bc6 25. Qg4 Nd7 26. Rae1 Nf6 {1/2-1/2 (34)
Fogarasi,T (2369)-Horvath,D (2362) Hungary 2015}) 21. Qxe5 Nd7 22. Qg5 Nf6 23.
Rae1 Rd8 24. h3 $1 Rd7 25. Rf3 Bd5 26. Rfe3 Qd8 27. Kh2 a6 28. Rg3 Qf8 29. Qe5
Bc4 30. Rg5 b5 31. Re3 Rf7 32. f5 (32. Qd4 $16) 32... Qd8 33. Reg3 Kh8 34. Rg6
Qc7 35. Qd4 (35. Qxc7 $16 Rxc7 36. Re3) 35... Kg8 $11 {Black wants to play ...
Nh5.} 36. Qh4 Qd6 37. Qh6 {[%cal Rg6g7]} Qc7 38. Kh1 Re7 39. Re3 (39. Qh4 $1
$16 {[%cal Rh4f6]} Qb6 40. Kh2) 39... Rxe3 40. Qxe3 Qd6 41. Qg3 Qe7 42. Kh2 Bd5
43. Qb8+ Kh7 44. Qf4 Be4 45. Rg3 Bxc2 46. Rc3 ({Don't play} 46. Qg5 $6 Qc7 $11)
46... Be4 47. Rc7 Qf8 48. Qe5 Kh8 49. Qc5 Qb8 {Hoping for ...Nd5.} 50. Kg1 {
Rc8+ is the strong threat.} Bxf5 51. Qe7 ({White has to play} 51. Rf7 $1 $16 {
[%cal Rf7f8]} Kg8 52. Rxf6 $1 {[%mdl 512]} gxf6 53. Qxf5) 51... Qg8 $14 52. Rb7
{[%mdl 1024] White has compensation.} Be4 53. Ra7 Qh7 54. Qf8+ Ng8 $1 55. Rxa6
Bb7 56. Rd6 (56. Re6 {feels hotter.} Qd3 57. Qf4 Qd5 58. Rg6 Nf6 59. Qc7) 56...
Qb1+ 57. Qf1 Qe4 58. Qf2 Nh6 59. Rd8+ (59. Rd4 {is more complex.} Qe6 60. Rd2
Nf5 61. Qf4 Bd5 62. Rf2) 59... Kh7 60. Rf8 Qb1+ 61. Kh2 Be4 62. Rf4 Bg6 (62...
Qd3 $14) 63. Qd2 (63. Qf1 $1 $16) 63... Qa1 64. Rf3 Be4 (64... Qe5+ $1 $14 65.
Qf4 Qe8) 65. Rc3 $1 $16 Qf1 66. Rc1 Qf6 {[#]} 67. Rc5 $1 Qf1 68. Re5 Bg6 69.
Re1 ({White should try} 69. Qe3 $16) 69... Qf6 70. Qe2 Qf4+ 71. Kg1 Nf5 72. Qf2
(72. Qxb5 {looks sharper.} Qd4+ 73. Kh1 Qf2 74. Qe5 Ng3+ 75. Kh2) 72... Qc4 73.
Re5 Qd3 74. Kh2 Nh6 75. Qf4 Nf5 76. Rc5 Nh6 77. Qe5 Be4 {[#]} (77... Nf7 $1 $14
78. Qg3 Qd7) 78. Rc3 $1 $18 {[%cal Rc3d3]} ({Don't blunder} 78. Rxb5 $2 Qe2 $19
) 78... Qd2 $2 {[%mdl 8192]} (78... Qe2 $16 79. Rg3 Nf5) 79. Qxe4+ {Weighted
Error Value: White=0.14/Black=0.15} 1-0

[Event "EICC 2021"]
[Site "Reykjavik"]
[Date "2021.08.27"]
[Round "2.35"]
[White "Lubbe, Nikolas"]
[Black "Can, Emre"]
[Result "1/2-1/2"]
[WhiteElo "2427"]
[BlackElo "2569"]
[Annotator "TA"]
[PlyCount "58"]
[EventDate "2021.08.26"]
[EventType "swiss"]
[EventCountry "ISL"]
[Tiebreak "Cut1 Buchholz"]
[SourceTitle "playchess.com"]
[Source "ChessBase"]
[SourceQuality "1"]

{[%evp 14,58,2,14,17,0,29,11,27,18,11,8,32,0,0,0,0,0,0,-4,-5,-8,-14,-24,22,22,
26,0,0,-58,-58,-58,-58,-58,-56,-59,-33,-34,-24,-20,0,0,0,-16,0,0,0]} 1. c4 e6
2. g3 d5 3. Bg2 Nf6 4. Nf3 d4 5. e3 c5 6. exd4 cxd4 7. O-O Nc6 8. d3 Bd6 {
A13: English Opening: 1...e6.} 9. Bg5 h6 10. Bxf6 Qxf6 11. Nbd2 {[%cal Bb1d2,
Bd2b3,Bb3c5][%mdl 32]} Qe7 12. a3 a5 13. Re1 O-O 14. Nb3 Qf6 15. Nfd2 Bc7 16.
Nc5 Qe7 17. Na4 Bd7 18. Nb3 {[#]} Rfd8 $146 ({Predecessor:} 18... Rfb8 19. Rc1
Ne5 20. Nbc5 Bc6 21. f4 Bxg2 22. Kxg2 Ng6 23. f5 Ne5 24. fxe6 fxe6 {0-1 (53)
Romm,M (2447)-Szczepanski,Z (2514) ICCF email 2015}) 19. Nbc5 Bc8 20. b4 (20.
f4 {looks sharper.} Ra7 21. Bxc6 bxc6 22. Qh5 Bd6 23. Ne4) 20... axb4 21. axb4
({White should play} 21. Bxc6 $11 bxc6 22. axb4) 21... Nxb4 $15 22. Nxb7 Bxb7
23. Bxb7 Ra5 {...Bxg3! is the strong threat.} 24. Be4 Qe8 25. Re2 Rb8 26. Nb2
Na2 {[#] Hoping for ...Nc3.The position is equal.} 27. Na4 Nb4 28. Nb2 Na2 {
aiming for ...Nc3.} 29. Na4 Nb4 {Weighted Error Value: White=0.08/Black=0.06}
1/2-1/2

[Event "EICC 2021"]
[Site "Reykjavik"]
[Date "2021.08.27"]
[Round "2.36"]
[White "Paichadze, Luka"]
[Black "Koellner, Ruben Gideon"]
[Result "1-0"]
[WhiteElo "2564"]
[BlackElo "2418"]
[Annotator "TA"]
[PlyCount "121"]
[EventDate "2021.08.26"]
[EventType "swiss"]
[EventCountry "ISL"]
[Tiebreak "Cut1 Buchholz"]
[SourceTitle "playchess.com"]
[Source "ChessBase"]
[SourceQuality "1"]

{[%evp 9,121,0,22,0,0,0,0,0,0,0,0,0,0,0,0,0,0,0,0,0,3,7,0,-18,-14,-46,-22,-33,
0,0,-5,0,0,-9,20,15,22,6,23,22,22,0,42,32,110,102,108,96,104,97,106,109,146,
172,166,77,115,113,125,118,109,77,110,93,96,96,129,106,106,82,190,191,233,247,
431,430,338,254,235,243,235,232,208,194,665,655,387,684,940,984,1270,910,795,
930,756,879,801,787,808,823,779,799,720,713,4792,2165,6007,4727,6605,6617,
29985,29986,29986,29987]} 1. e4 d6 2. d4 Nf6 3. Nc3 e5 4. Nf3 Nbd7 5. g4 h6 6.
g5 {C41: Philidor Defence.} hxg5 7. Nxg5 c6 8. Bc4 {The position is equal.} d5
$1 9. exd5 exd4 {[#]} 10. dxc6 $146 ({Predecessor:} 10. d6 Ne5 11. Qe2 Bxd6 12.
Nxf7 Qe7 13. Nxd6+ Qxd6 14. f4 Nfd7 15. fxe5 Qe7 16. Ne4 Nxe5 {1-0 (23)
Dimitrijeski,B (2217)-Sirletti,S (1965) Palma de Mallorca 2008}) 10... Ne5 {
[%cal Re5c4][%mdl 64] Double Attack} 11. Qe2 Qe7 12. Nd5 {[%cal Rd5e7]} Nxd5
13. Bxd5 d3 14. cxd3 {Black must now prevent cxb7.} bxc6 15. Be4 {Threatens to
win with 0-0.} f5 $1 {[%cal Rf5e4]} 16. Bg2 {Hoping for Kd1.} Nxd3+ $1 17. Kd1
(17. Kf1 {is interesting.} Qxe2+ 18. Kxe2 Nb4 19. Re1 Ba6+ 20. Kf3+) 17...
Qxe2+ 18. Kxe2 Ne5 19. Kd1 Ba6 {White should prevent ...Rh4.} 20. Kc2 $1 O-O-O
21. Ne6 Re8 22. Nxf8 Rhxf8 23. Be3 Nd3 24. Kc3 f4 25. Bxa7 Re7 {[#]} (25... Rf7
$5 {[%cal Rf7a7]} 26. Bf1 Rxa7 27. Bxd3 Bxd3 28. Kxd3 Rd7+ 29. Kc3 Re2 $11) 26.
Bf1 $1 Rd8 ({Black should try} 26... Rxa7 $14 27. Bxd3 Bxd3 28. Kxd3 Rd8+ 29.
Ke2 Re7+ 30. Kf3 Rd3+ 31. Kxf4 Re2) 27. Bb6 $16 Rd5 28. Rd1 {[%cal Rf1d3]} Kb7
{...Red7 is the strong threat.} 29. Bxd3 Bxd3 30. Rxd3 Kxb6 31. Rxd5 cxd5 {
[%mdl 4096] Endgame KR-KR} 32. Kd2 (32. Rd1 $18 {is more deadly.}) 32... Kc5
33. Rc1+ Kd4 34. Rc3 g5 35. h3 Rb7 36. Rb3 {[%cal Rb3b7]} Ra7 37. a3 Ke4 {[#]}
38. Ke2 $1 Rc7 39. Rb4+ d4 (39... Ke5 $16) 40. f3+ $18 Ke5 41. Kd3 Rc1 $2 (
41... Rh7 42. Rb5+ (42. Rxd4 Rxh3 43. Kc4 Rxf3 $17) 42... Kf6 43. Kxd4 Ra7) 42.
Rb5+ Kf6 43. Kxd4 Rd1+ 44. Kc4 {aiming for a4.} Rc1+ {[#]} 45. Kd3 $1 Rf1 46.
Ke2 Rh1 (46... Ra1 47. Rb4 Kg6) 47. a4 Rxh3 48. a5 Rh2+ 49. Kd3 Rf2 50. Ke4
Re2+ 51. Kd4 Rd2+ 52. Kc3 Rd1 53. b4 Ra1 54. Kb2 Ra4 55. Kb3 Ra1 56. Rd5 Rb1+
57. Ka4 Ra1+ 58. Kb5 Ra3 59. a6 {[%cal Ba5a6,Ba6a7][%mdl 32]} Rxf3 60. a7 Ra3
61. Rd6+ {Weighted Error Value: White=0.07/Black=0.45} 1-0

[Event "EICC 2021"]
[Site "Reykjavik"]
[Date "2021.08.27"]
[Round "2.37"]
[White "Mazur, Stefan"]
[Black "Pantsulaia, Levan"]
[Result "1/2-1/2"]
[WhiteElo "2416"]
[BlackElo "2564"]
[Annotator "TA"]
[PlyCount "89"]
[EventDate "2021.08.26"]
[EventType "swiss"]
[EventCountry "ISL"]
[Tiebreak "Cut1 Buchholz"]
[SourceTitle "playchess.com"]
[Source "ChessBase"]
[SourceQuality "1"]

{[%evp 20,89,15,5,79,54,83,52,81,77,75,9,106,100,109,103,100,110,102,100,113,
103,107,121,109,71,407,398,400,351,665,657,627,597,542,374,582,575,534,482,466,
460,1276,605,948,920,856,612,491,388,494,384,502,491,414,165,165,108,115,108,
165,165,165,19,19,19,71,71,84,3,7,3]} 1. e4 c5 2. Nf3 e6 3. d4 cxd4 4. Nxd4 a6
5. Bd3 Qc7 6. O-O Nf6 7. Qe2 d6 8. f4 Nbd7 9. c4 Be7 10. b3 O-O 11. Bb2 Re8 {
B42: Sicilian: Kan Variation: 5 Bd3.} (11... Nc5 $11 {keeps the balance.}) 12.
Nc3 $16 {[#]} Qc5 $146 ({Predecessor:} 12... Bf8 13. Rae1 g6 14. e5 Nh5 15. Ne4
Nc5 16. g4 Nxe4 17. Qxe4 Ng7 18. Qg2 Rd8 {0-1 (49) Hacker,J (2373)-Trussevich,
S (2287) Germany 2018}) 13. Na4 Qh5 {White is slightly better.} 14. Qe1 Bd8 15.
Rf3 ({White should try} 15. Rd1 $16) 15... Nf8 (15... Qa5 $1 $11) 16. e5 $1
dxe5 {[#]} 17. Rh3 $1 Qxh3 18. gxh3 exd4 19. Bxd4 Ng6 20. Bxg6 hxg6 21. Rd1 $36
{[%mdl 2048] Black is under strong pressure.} b5 22. Nc5 Bc7 $2 {[%mdl 8192]} (
22... Be7 $16 {is a better chance.}) 23. Bxf6 $18 gxf6 24. Ne4 Kg7 (24... Bd8
25. Qh4 Bb7) 25. Qh4 f5 26. Qf6+ Kg8 27. Nd6 Bxd6 (27... Rf8 {might work
better.} 28. c5 (28. cxb5 axb5 29. Qc3 Bxd6 $11) 28... a5) 28. Rxd6 bxc4 29.
bxc4 e5 30. fxe5 {Rd4 would kill now.} Rb8 (30... f4 $142 31. c5 Bxh3) 31. c5 (
31. Rd4 $142 Rb1+ 32. Kf2 Rb2+ 33. Ke3 Rxh2 34. Rd8 f4+ {[%mdl 64] Decoy} 35.
Kxf4 Rf2+ 36. Kg3 Rxf6 37. Rxe8+ Kh7 38. exf6) 31... Rb1+ 32. Kf2 Rb2+ 33. Kg3
f4+ 34. Qxf4 Rxa2 35. c6 {Black must now prevent c7.} Rc2 36. Qf6 {Strongly
threatening Rd8.} Be6 37. Rd4 (37. h4) 37... Rb8 {Threatens to win with ...
Rb3+.} 38. Rd8+ ({White should play} 38. Kh4 $18 {Intending Kg5 and mate.} Kh7
39. Kg5 Rg2+ 40. Rg4 $1 {[%mdl 512]}) 38... Rxd8 $16 39. Qxd8+ {[%mdl 4096]
Endgame KQ-KRB} Kg7 (39... Kh7 $16) 40. c7 $18 a5 {[#]} 41. c8=Q (41. h4 $1 $18
) 41... Rxc8 $11 42. Qxa5 Rh8 (42... Rc4 $11) 43. h4 $16 Rh5 44. Qd8 (44. Qc5
$16) 44... Rxe5 $11 45. Qd4 {Weighted Error Value: White=0.56/Black=0.57}
1/2-1/2

[Event "EICC 2021"]
[Site "Reykjavik"]
[Date "2021.08.27"]
[Round "2.38"]
[White "Subelj, Jan"]
[Black "Sanal, Vahap"]
[Result "0-1"]
[WhiteElo "2412"]
[BlackElo "2557"]
[Annotator "ChessBase"]
[PlyCount "66"]
[EventDate "2021.08.26"]
[EventType "swiss"]
[EventCountry "ISL"]
[Tiebreak "Cut1 Buchholz"]
[SourceTitle "playchess.com"]
[Source "ChessBase"]
[SourceQuality "1"]
[TimeControl "40/5400+30:1800+30"]

1. e4 {[%emt 0:00:07]} e5 {[%emt 0:00:07]} 2. Nf3 {[%emt 0:00:37]} Nc6 {
[%emt 0:00:24]} 3. Bb5 {[%emt 0:01:02]} a6 {[%emt 0:00:10]} 4. Ba4 {[%emt 0:00:
15]} Nf6 {[%emt 0:00:07]} 5. O-O {[%emt 0:01:11]} Be7 {[%emt 0:00:19]} 6. d3 {
[%emt 0:01:04]} b5 {[%emt 0:00:08]} 7. Bb3 {[%emt 0:00:08]} d6 {[%emt 0:00:04]}
8. c3 {[%emt 0:01:53]} O-O {[%emt 0:01:51]} 9. a4 {[%emt 0:02:58]} Bd7 {
[%emt 0:03:33]} 10. Bc2 {[%emt 0:05:02]} Re8 {[%emt 0:02:50]} 11. Re1 {[%emt 0:
01:15]} Bf8 {[%emt 0:02:37]} 12. Nbd2 {[%emt 0:04:17]} Rb8 {[%emt 0:05:06]} 13.
Nf1 {[%emt 0:02:37]} g6 {[%emt 0:00:55]} 14. Bg5 {[%emt 0:06:55]} h6 {[%emt 0:
02:35]} 15. Bxf6 {[%emt 0:01:57]} Qxf6 {[%emt 0:00:05]} 16. axb5 {[%emt 0:00:
28]} axb5 {[%emt 0:00:09]} 17. Ne3 {[%emt 0:00:17]} Qd8 {[%emt 0:01:10]} 18.
Bb3 {[%emt 0:06:23]} Bg7 {[%emt 0:00:57]} 19. h4 {[%emt 0:03:02]} Rf8 {[%emt 0:
02:56]} 20. d4 {[%emt 0:07:27]} Kh8 {[%emt 0:04:29]} 21. h5 {[%emt 0:14:11]} f5
{[%emt 0:04:20]} 22. exf5 {[%emt 0:02:59]} gxf5 {[%emt 0:05:22]} 23. dxe5 {
[%emt 0:01:16]} Nxe5 {[%emt 0:00:32]} 24. Bc2 {[%emt 0:16:23]} b4 {[%emt 0:11:
47]} 25. Nxe5 {[%emt 0:09:45]} Bxe5 {[%emt 0:02:09]} 26. Nd5 {[%emt 0:00:52]}
bxc3 {[%emt 0:10:35]} 27. f4 {[%emt 0:01:30]} Bg7 {[%emt 0:04:02]} 28. bxc3 {
[%emt 0:00:38]} Rf7 {[%emt 0:06:46]} 29. Qe2 {[%emt 0:04:36]} Kh7 {[%emt 0:06:
01]} 30. Ra3 {[%emt 0:03:53]} Qh4 {[%emt 0:08:00]} 31. Nxc7 {[%emt 0:00:30]}
Rb2 {[%emt 0:03:37]} 32. Rf1 {[%emt 0:00:23]} Re7 {[%emt 0:01:04]} 33. Qf2 {
[%emt 0:00:20]} Qg4 {[%emt 0:00:25]} 0-1

[Event "EICC 2021"]
[Site "Reykjavik"]
[Date "2021.08.27"]
[Round "2.39"]
[White "Bjerre, Jonas Buhl"]
[Black "Sokolovsky, Yahli"]
[Result "1-0"]
[WhiteElo "2550"]
[BlackElo "2415"]
[Annotator "ChessBase"]
[PlyCount "75"]
[EventDate "2021.08.26"]
[EventType "swiss"]
[EventCountry "ISL"]
[Tiebreak "Cut1 Buchholz"]
[SourceTitle "playchess.com"]
[Source "ChessBase"]
[SourceQuality "1"]
[TimeControl "40/5400+30:1800+30"]

1. e4 {[%emt 0:00:07]} e5 {[%emt 0:00:09]} 2. Nf3 {[%emt 0:00:09]} Nc6 {
[%emt 0:00:05]} 3. Bb5 {[%emt 0:00:09]} a6 {[%emt 0:00:04]} 4. Ba4 {[%emt 0:00:
07]} Nf6 {[%emt 0:00:14]} 5. O-O {[%emt 0:00:24]} Be7 {[%emt 0:00:22]} 6. d3 {
[%emt 0:00:12]} b5 {[%emt 0:00:50]} 7. Bb3 {[%emt 0:00:07]} d6 {[%emt 0:00:21]}
8. c3 {[%emt 0:00:52]} O-O {[%emt 0:01:07]} 9. a4 {[%emt 0:00:31]} Bb7 {
[%emt 0:02:14]} 10. Bg5 {[%emt 0:01:41]} h6 {[%emt 0:04:41]} 11. Bxf6 {[%emt 0:
01:11]} Bxf6 {[%emt 0:00:06]} 12. Na3 {[%emt 0:02:22]} b4 {[%emt 0:05:37]} 13.
Nc4 {[%emt 0:00:30]} Rb8 {[%emt 0:06:48]} 14. a5 {[%emt 0:05:48]} g6 {[%emt 0:
07:14]} 15. Ne3 {[%emt 0:03:38]} Bg7 {[%emt 0:00:58]} 16. Bc4 {[%emt 0:06:42]}
bxc3 {[%emt 0:03:54]} 17. bxc3 {[%emt 0:01:16]} Ne7 {[%emt 0:00:21]} 18. Rb1 {
[%emt 0:10:24]} Kh7 {[%emt 0:10:38]} 19. Rb3 {[%emt 0:05:17]} c6 {[%emt 0:13:
10]} 20. Qb1 {[%emt 0:03:27]} Qc7 {[%emt 0:00:32]} 21. Qb2 {[%emt 0:05:46]} Ba8
{[%emt 0:12:30]} 22. Rb6 {[%emt 0:05:08]} d5 {[%emt 0:05:58]} 23. Bxa6 {
[%emt 0:05:44]} f5 {[%emt 0:01:29]} 24. Rb1 {[%emt 0:04:00]} Rbe8 {[%emt 0:04:
33]} 25. Nd2 {[%emt 0:08:46]} h5 {[%emt 0:09:41]} 26. Qa3 {[%emt 0:02:34]} Rf7
{[%emt 0:04:37]} 27. Bb7 {[%emt 0:02:46]} fxe4 {[%emt 0:03:18]} 28. dxe4 {
[%emt 0:01:28]} Bh6 {[%emt 0:00:33]} 29. Qc5 {[%emt 0:02:43]} Bf8 {[%emt 0:01:
00]} 30. exd5 {[%emt 0:05:54]} Nxd5 {[%emt 0:00:41]} 31. Qxc6 {[%emt 0:01:36]}
Nxb6 {[%emt 0:01:36]} 32. Qxe8 {[%emt 0:00:52]} Qxb7 {[%emt 0:00:35]} 33. Rxb6
{[%emt 0:01:57]} Qd7 {[%emt 0:00:31]} 34. Qxd7 {[%emt 0:01:24]} Rxd7 {[%emt 0:
00:03]} 35. Ndc4 {[%emt 0:01:23]} Bc5 {[%emt 0:00:32]} 36. Rb5 {[%emt 0:01:26]}
Rc7 {[%emt 0:00:52]} 37. Nb6 {[%emt 0:00:44]} Bxe3 {[%emt 0:00:35]} 38. Nxa8 {
[%emt 0:00:41]} 1-0

[Event "EICC 2021"]
[Site "Reykjavik"]
[Date "2021.08.27"]
[Round "2.40"]
[White "Heimisson, Hilmir Freyr"]
[Black "Kulaots, Kaido"]
[Result "1/2-1/2"]
[WhiteElo "2309"]
[BlackElo "2548"]
[Annotator "ChessBase"]
[PlyCount "39"]
[EventDate "2021.08.26"]
[EventType "swiss"]
[EventCountry "ISL"]
[Tiebreak "Cut1 Buchholz"]
[SourceTitle "playchess.com"]
[Source "ChessBase"]
[SourceQuality "1"]
[TimeControl "40/5400+30:1800+30"]

1. d4 {[%emt 0:00:04]} Nf6 {[%emt 0:00:34]} 2. c4 {[%emt 0:01:23]} e6 {[%emt 0:
00:23]} 3. g3 {[%emt 0:00:14]} Bb4+ {[%emt 0:03:32]} 4. Bd2 {[%emt 0:00:10]}
Be7 {[%emt 0:00:32]} 5. Bg2 {[%emt 0:01:10]} d5 {[%emt 0:00:16]} 6. Nf3 {
[%emt 0:00:11]} O-O {[%emt 0:01:04]} 7. O-O {[%emt 0:00:13]} c6 {[%emt 0:02:42]
} 8. Qc2 {[%emt 0:00:14]} b6 {[%emt 0:02:16]} 9. Rd1 {[%emt 0:06:59]} Bb7 {
[%emt 0:05:33]} 10. Bf4 {[%emt 0:09:31]} Nbd7 {[%emt 0:01:34]} 11. Nc3 {
[%emt 0:10:25]} dxc4 {[%emt 0:00:49]} 12. Ne5 {[%emt 0:10:37]} Nd5 {[%emt 0:05:
05]} 13. Nxc4 {[%emt 0:00:45]} Nxf4 {[%emt 0:00:10]} 14. gxf4 {[%emt 0:00:05]}
Qc7 {[%emt 0:00:15]} 15. e3 {[%emt 0:01:13]} Rad8 {[%emt 0:00:53]} 16. Rac1 {
[%emt 0:20:37]} c5 {[%emt 0:15:17]} 17. d5 {[%emt 0:02:12]} exd5 {[%emt 0:01:
42]} 18. Nxd5 {[%emt 0:00:15]} Bxd5 {[%emt 0:00:12]} 19. Rxd5 {[%emt 0:00:20]}
b5 {[%emt 0:10:21]} 20. Ne5 {[%emt 0:02:38]} 1/2-1/2

[Event "EICC 2021"]
[Site "Reykjavik"]
[Date "2021.08.28"]
[Round "3.1"]
[White "Gretarsson, Hjorvar Steinn"]
[Black "Bluebaum, Matthias"]
[Result "1/2-1/2"]
[WhiteElo "2603"]
[BlackElo "2674"]
[Annotator "TA"]
[PlyCount "53"]
[EventDate "2021.08.26"]
[EventType "swiss"]
[EventCountry "ISL"]
[Tiebreak "Cut1 Buchholz"]
[SourceTitle "playchess.com"]
[Source "ChessBase"]
[SourceQuality "1"]

{[%evp 13,53,0,0,0,0,0,0,0,0,0,0,0,0,0,0,0,0,0,0,-37,-39,-41,-45,-29,-35,-41,
-24,-35,-29,-31,-29,-29,-30,-51,-33,-17,0,-52,0,-27,0,-66]} 1. c4 Nf6 2. Nc3 e5
3. Nf3 Nc6 4. e4 Bc5 5. Nxe5 Nxe5 6. d4 Bb4 7. dxe5 Nxe4 $1 8. Qf3 $1 {[%mdl 4]
is more profitable than 8.Qd4 at the moment. A28: English Opening: Four
Knights Variation.} Nxc3 9. bxc3 Ba5 10. Bf4 O-O 11. Rd1 d6 12. Be2 Bd7 13. O-O
{[#]} dxe5 $146 ({Predecessor:} 13... Bc6 14. Qg3 Qe7 15. Bd3 dxe5 16. Bxe5 f6
17. Bd4 Rae8 18. Rd2 b6 19. Re2 Qf7 {0-1 (43) Liu,Z (2380)-Sonis,F (2456)
Montebelluna 2019}) 14. Bxe5 Qe7 15. Rd5 Bb6 {Hoping for ...Bc6.} 16. Bd3 {
[#] aiming for Bxh7+!} f6 17. Bd4 c5 18. Be3 Bc6 19. h4 Qf7 {[%mdl 64] [#] Pin}
20. Be4 Rae8 ({But not} 20... Bxd5 $2 21. Bxd5 Rae8 22. Bxf7+ $18) 21. Rfd1 Kh8
({Don't play} 21... Bxd5 22. Bxd5 Re6 23. Bxe6 $16) 22. h5 ({Of course not} 22.
Qf5 g6 $17) 22... Bxd5 23. Rxd5 Qe6 24. Bf5 Qf7 25. Be4 Qe6 26. Bf5 Qf7 27. Be4
$1 {Weighted Error Value: White=0.03/Black=0.06} 1/2-1/2